000 00577 a2200217 4500
001 139328
003 OSt
005 20251205145625.0
008
020 _a9780415280761
082 _a338.9
_bG34I
100 1 _aGhatak, Subrata
245 1 _aIntroduction to development economics
_cby Subrata Ghatak
250 _a4th ed.
260 _aLondon
_bRoutledge
_c2003
300 _a458p.
546 _aenglish
650 _aEconomics
653 _aDevelopment economics; Economic development; Developing countries
942 _2ddc
_cBK
999 _c12007
_d12007